| 000 | 01092pam a2200349 a 4500 | ||
|---|---|---|---|
| 001 | 2033 | ||
| 003 | FISKH | ||
| 005 | 20231101115917.0 | ||
| 008 | 920814s1993 maua j 000 1 eng | ||
| 010 | _a 92031857 | ||
| 020 | _a0395515270 : | ||
| 020 | _a043920240X | ||
| 040 |
_aDLC _cDLC _dDLC _beng |
||
| 042 | _alcac | ||
| 050 | 0 | 0 |
_aPZ7.T598 _bJu 1993 |
| 082 | 0 | 0 |
_a818 _220 |
| 100 | 1 | _aTompert, Ann. | |
| 245 | 1 | 0 |
_aJust a little bit / _cAnn Tompert ; illustrated by Lynn Munsinger. |
| 260 |
_aNew York : _bScholastic, _c1993. |
||
| 300 |
_a32 unnumbered pages : _bcolor illustrations ; _c26 cm |
||
| 505 | _aJ | ||
| 520 | _aWhen Mouse and Elephant decide to go on the seesaw, Mouse needs a lot of help from other animals before they can go up and down. | ||
| 521 | 8 |
_a480
_bLexile AD |
|
| 521 | 8 |
_aJ
_bRaz-Plus |
|
| 650 | 1 |
_aSeesaw _xFiction. |
|
| 650 | 1 |
_aMice _xFiction. |
|
| 650 | 1 |
_aElephants _xFiction. |
|
| 650 | 1 |
_aAnimals _xFiction. |
|
| 700 | 1 |
_aMunsinger, Lynn, _eillustrator |
|
| 906 |
_a7 _bcbc _corignew _d1 _eocip _f19 _gy-gencatlg |
||
| 942 |
_2ddc _cBK _n0 |
||
| 999 |
_c2033 _d2033 |
||